Top 50 Female Marvel Villains - Statistics

General Stats
  • This quiz has been taken 55 times
  • The average score is 14 of 50
Answer Stats
# Answer % Correct
3 Enchantress
95%
1 Mystique
92%
18 Hela
87%
6 Viper
79%
2 Black Cat
77%
4 Dark Phoenix
59%
7 Nebula
51%
5 Madame Masque
49%
8 Lady Deathstrike
46%
20 Proxima Midnight
44%
11 Titania
41%
19 Goblin Queen (Madelyne Pryor)
38%
10 Moonstone
38%
31 Typhoid Mary
38%
13 Silver Sable
36%
34 Vertigo
31%
16 Destiny
28%
9 Diamondback
26%
12 Ghost (Ava Starr)
26%
38 Lady Octopus
26%
40 Deathbird
23%
36 Lady Bullseye
23%
48 Scream
23%
28 Thundra
23%
23 Morgan le Fay
21%
17 Ravonna Renslayer
21%
47 Lorelei
18%
27 Spiral
18%
39 Scorpia
15%
30 Selene
15%
14 Anaconda
13%
32 Lady Mastermind
13%
33 Arclight
10%
29 Beetle (Janice Lincoln)
10%
15 Black Mamba
10%
25 Darkstar
10%
35 Nightshade
10%
44 Princess Python
10%
50 Shriek
10%
21 Supergiant
10%
49 White Rabbit
10%
26 Asp
8%
42 Danger
8%
45 Karnilla
8%
37 Monica Rappaccini
8%
43 Omega Sentinel
8%
41 Superia
8%
46 Vapor
8%
24 Crimson Cowl (Justine Hammer)
3%
22 Virgo
3%
No matching quizzes found
Score Distribution
Percent of People with Each Score
Percentile by Number Answered
Your Score History
You have not taken this quiz